<?xml version="1.0" encoding="UTF-8"?>
<marc:record xmlns:marc="http://www.loc.gov/MARC21/slim">
   <marc:leader>00000nam a2200000 a 4500</marc:leader>
   <marc:datafield ind1="1" ind2=" " tag="100">
      <marc:subfield code="a">Pyle, Rod</marc:subfield>
      <marc:subfield code="4">aut</marc:subfield>
      <marc:subfield code="e">Verfasser/-in</marc:subfield>
   </marc:datafield>
   <marc:datafield ind1="1" ind2=" " tag="100">
      <marc:subfield code="a">Kranz, Gene</marc:subfield>
   </marc:datafield>
   <marc:datafield ind1=" " ind2=" " tag="653">
      <marc:subfield code="a">Mond</marc:subfield>
   </marc:datafield>
   <marc:datafield ind1=" " ind2=" " tag="653">
      <marc:subfield code="a">Mondlandung</marc:subfield>
   </marc:datafield>
   <marc:datafield ind1="0" ind2="0" tag="245">
      <marc:subfield code="a">Reise zum Mond</marc:subfield>
   </marc:datafield>
   <marc:datafield ind1="0" ind2="0" tag="245">
      <marc:subfield code="b">das größte Abenteuer der Menschheit mit  Augmented Reality live erleben</marc:subfield>
   </marc:datafield>
   <marc:datafield ind1="0" ind2="0" tag="245">
      <marc:subfield code="c">Rod Pyle. Mit einem Vorwort von Gene Kranz, Nasa Flight Director A.D.</marc:subfield>
   </marc:datafield>
   <marc:datafield ind1=" " ind2="1" tag="264">
      <marc:subfield code="a">Ostfildern</marc:subfield>
      <marc:subfield code="b">DuMont Reiseverlag</marc:subfield>
      <marc:subfield code="c">2019</marc:subfield>
   </marc:datafield>
   <marc:datafield ind1=" " ind2=" " tag="250">
      <marc:subfield code="a">1</marc:subfield>
   </marc:datafield>
   <marc:datafield ind1="1" ind2=" " tag="520">
      <marc:subfield code="a">Sie ist die längste Reise, zu der die Menschheit je aufgebrochen ist, und gefahrvoller als jede Expedition zuvor: Die Reise zum Mond. Von den todbringenden V1 und V2 Raketenprogrammen der Deutschen im 2. Weltkrieg, die die Grundlagen für spätere Mondraketen lieferten über die Apollo-Missionen bis zu den neuesten Mondambitionen der Chinesen, Japaner und Europäer. Dieser Band nimmt uns mit auf die ganze Reise, in atemberaubenden Fotos, faszinierenden Erinnerungsstücken - wie dem Apollo 11 Missionsreport - und mit Augmented Reality zum Leben erweckten Modellen, Filmen und O-Tönen.</marc:subfield>
   </marc:datafield>
   <marc:datafield ind1=" " ind2=" " tag="020">
      <marc:subfield code="a">9783770188765</marc:subfield>
      <marc:subfield code="9">9783770188765</marc:subfield>
   </marc:datafield>
   <marc:datafield ind1=" " ind2=" " tag="020">
      <marc:subfield code="a">3770188764</marc:subfield>
      <marc:subfield code="9">3770188764</marc:subfield>
   </marc:datafield>
   <marc:datafield ind1=" " ind2=" " tag="300">
      <marc:subfield code="a">176 S. : Ill.</marc:subfield>
   </marc:datafield>
</marc:record>
